Stati con le Moschee più alte - Statistics

Statistiche generali
  • Questo quiz è stato fatto 6 volte
  • Il punteggio medio è 12 su 15
Statistiche sulle risposte
Moschea Altezza (m) Continente Nazione % Corretto
Moschea del Profeta 112 Asia Arabia Saudita
100%
Al-Nour Mosque 111,9 Africa Egitto
100%
Grand Mosalla mosque of Tehran 136 Asia Iran
100%
Grand Mosalla mosque of Isfahan 110 Asia Iran
100%
Moschea di Hassan II 210 Africa Marocco
100%
Gran moschea dello Sceicco Zayed 115 Asia Emirati Arabi Uniti
83%
Moschea Rahmatan Lil-Alamin 210 Asia Indonesia
83%
Jakarta Islamic Center 114 Asia Indonesia
83%
Sultan Salahuddin Abdul Aziz Mosque 142,3 Asia Malaysia
83%
Putra Mosque 116 Asia Malaysia
83%
Djamaa el Djazair 265 Africa Algeria
67%
Çamlıca Republic Mosque 107,1 Asia Turchia
67%
Mosque of Sheikh Ibrahim Al-Ibrahim 113 America del Sud Venezuela
67%
Grande moschea Al-Fateh 130,1 Asia Bahrein
50%
The Grand Mosque 107 Asia Emirati Arabi Uniti
33%
Nessun quiz corrispondente trovato
Distribuzione punteggi
Percentuale di utenti per punteggio
Percentile per numero di risposta
I tuoi punteggi nel tempo
Non hai fatto questo quiz